mysqli: Table './ulib62015/stat_globaluid' is marked as crashed and should be repaired
select id from stat_globaluid where statuid='20260517143323_3341'
mysqli: Table './ulib62015/stat_globaluid' is marked as crashed and should be repaired
DELETE FROM stat_globaluid
WHERE id NOT IN (
SELECT id
FROM (
SELECT id
FROM stat_globaluid
ORDER BY id DESC
LIMIT 100
) foo
);
mysqli: Table './ulib62015/stat_globaluid' is marked as crashed and should be repaired
insert into stat_globaluid set
statuid='20260517143323_3341',
dt='1779003203',
phpself='/ULIB62015/dublinfull.php',
agent='Mozilla/5.0 AppleWebKit/537.36 (KHTML, like Gecko; compatible; ClaudeBot/1.0; +claudebot@anthropic.com)',
yea='2026',
mon='5',
dat='17',
ip='216.73.216.45'
mysqli: Table './ulib62015/stathist_viewbib_bib_type' is marked as crashed and should be repaired
insert into stathist_viewbib_bib_type set
dat='17' ,
mon='05' ,
yea='2026' ,
statuid='20260517143323_3341' ,
head='13399108255' ,
foot='marc' ,
dt='1779003203'
LEADER : 00000nam 2200000uu 4500
008 111213s||||||||th 000 0 tha d
020 9749211928
050 4 TR899^bอ136
245 00 Adobe Premiere Pro :^bclassroom in a book /^c[AdobeCreative Team] ;แปลและเรียบเรียงเป็นภาษาไทยโดย : ก้อง พาหุรักษ์ ; บรรณาธิการ : ไพโรจน์ เวชชพิพัฒน์